Digital Systems Testing And Testable Design (Record no. 315470)

MARC details
000 -LEADER
fixed length control field 00428nam a2200157Ia 4500
008 - FIXED-LENGTH DATA ELEMENTS--GENERAL INFORMATION
fixed length control field 230718s9999 xx 000 0 und d
041 ## - LANGUAGE CODE
Language code of text/sound track or separate title eng
082 ## - DEWEY DECIMAL CLASSIFICATION NUMBER
Classification number 621.395
Item number ABR
100 ## - MAIN ENTRY--PERSONAL NAME
Personal name Abramovici M.
245 ## - TITLE STATEMENT
Title Digital Systems Testing And Testable Design
260 ## - PUBLICATION, DISTRIBUTION, ETC. (IMPRINT)
Date of publication, distribution, etc. 2006
Name of publisher, distributor, etc. Jaico Publishing House
300 ## - PHYSICAL DESCRIPTION
Extent 652
365 ## - TRADE PRICE
Currency code Rs.
Price amount 300.00
700 ## - ADDED ENTRY--PERSONAL NAME
Personal name Abramovici M., Breuer M.A. & Friedman A.D.
906 ## - LOCAL DATA ELEMENT F, LDF (RLIN)
d 3354
c ETC
Holdings
Withdrawn status Lost status Damaged status Not for loan Home library Current library Date acquired Vendor Budget Code Cost, normal purchase price Bill number Total Checkouts Full call number Barcode Date last seen Date last checked out Cost, replacement price Bill Date Koha item type Original Barcode
        Cummins College of Engineering for Women Pune Cummins College of Engineering for Women Pune 15/11/2006 Pritam Book ETC 60.00 3354/15.11.06 1 621.395 CCEP-BK-26677 05/04/2024 01/01/2024 300.00 15/11/2006 Books 026677